Migration responses to regional labor market conditions in Slovakia

Rámec územného panelového modelovania na overenie efektov miery nezamestnanosti a úrovne miezd v regiónoch ekonomiky.

Uložené v:
Podrobná bibliografia
Hlavný autor: Ondoš, Slavomír
Ďalší autori: Káčerová, Marcela
Médium: Kapitola
Jazyk:English
Predmet:
Tagy: Pridať tag
Žiadne tagy, Buďte prvý, kto otaguje tento záznam!

MARC

LEADER 00000naa a2200000 4500
001 0200749
005 20231208074128.6
041 0 |a eng 
044 |a SK 
245 1 0 |a Migration responses to regional labor market conditions in Slovakia  |c Slavomír Ondoš, Marcela Káčerová 
520 |a Rámec územného panelového modelovania na overenie efektov miery nezamestnanosti a úrovne miezd v regiónoch ekonomiky. 
610 2 0 |a migrácia 
610 2 0 |a plán územný 
610 2 0 |a plánovanie územné 
610 2 0 |a modelovanie 
610 2 0 |a nezamestnanosť 
610 2 0 |a mzdy 
610 2 0 |a trh práce 
100 1 |a Ondoš, Slavomír 
700 1 |a Káčerová, Marcela